000 00409nam a2200181Ia 4500
005 20240823061028.0
008 240823s9999||||xx |||||||||||||| ||und||
041 _aENGLISH
082 _A388.314 M9
100 _aPasricha P
245 4 _aThe Driver s Manual
250 _a1st
260 _c1989
_b"Nasha,Bombay"
500 _aTransfered
650 _aGeneral
_bGeneral
942 _cBK
999 _c232544
_d232544